Harvard business review : Το εγχειρίδιο του ηγέτη : αφήστε το αποτύπωμά σας, εμπνεύστε τους συνεργάτες σας και ανεβείτε στο επόμενο επίπεδο
Αποθηκεύτηκε σε:
| Κύριοι συγγραφείς: | , |
|---|---|
| Άλλοι συγγραφείς: | |
| Μορφή: | Βιβλίο |
| Γλώσσα: | Greek English |
| Δημοσίευση: |
Αθήνα :
Ψυχογιός,
c2020.
|
| Σειρά: | Μάνατζμεντ - Ηγεσία
|
| Θέματα: | |
| Ετικέτες: |
Προσθήκη ετικέτας
Δεν υπάρχουν, Καταχωρήστε ετικέτα πρώτοι!
|
MARC
| LEADER | 00000cam a2200000 a 4500 | ||
|---|---|---|---|
| 001 | 1/124091 | ||
| 008 | 211222t2020####gr | ||| |||| ||gre|| | ||
| 020 | |a 9786180135220 |q (χαρτόδετο) | ||
| 040 | |a GR-MyUa |b gre |c GR-MyUa |e AACR2 | ||
| 041 | 1 | |a gre |h eng | |
| 082 | 7 | |a 658.4092 |2 (23) | |
| 100 | 1 | |a Ashkenas, Ron, |e aut | |
| 245 | 1 | 2 | |a Harvard business review : Το εγχειρίδιο του ηγέτη : |b αφήστε το αποτύπωμά σας, εμπνεύστε τους συνεργάτες σας και ανεβείτε στο επόμενο επίπεδο / |c Ron Ashkenas, Brook Manville ; μετάφραση Γεωργία Κωστοπούλου, διεύθυνση σειράς Δημήτρης Μπουραντάς. |
| 260 | |a Αθήνα : |b Ψυχογιός, |c c2020. | ||
| 300 | |a 378 σ. : |b διαγρ. ; |c 21 εκ. | ||
| 500 | |a Διεύθυνση σειράς : Δημήτρης Μπουραντάς. | ||
| 504 | |a Περιλαμβάνει βιβλιογραφία και ευρετήριο. | ||
| 650 | 0 | |a Management |x Handbooks, manuals, etc. | |
| 650 | 0 | |a Leadership. | |
| 700 | 1 | |a Manville, Brook, |d 1950- |e aut | |
| 700 | 1 | |a Κωστοπούλου, Γεωργία, |e trlf | |
| 830 | 0 | |a Μάνατζμεντ - Ηγεσία | |
| 852 | |a INST |b CHIOS |e 20211222 |h 658.4092 ASH |p 005200039561 |q 005200039561 |t BK |y 0 | ||
| 970 | |a Παροικάκη |b Βασιλική |z 22/12/2021 | ||